<?xml version="1.0" encoding="UTF-8"?><?xml-stylesheet type="text/xsl" href="static/style.xsl"?><OAI-PMH xmlns="http://www.openarchives.org/OAI/2.0/" xmlns:xsi="http://www.w3.org/2001/XMLSchema-instance" xsi:schemaLocation="http://www.openarchives.org/OAI/2.0/ http://www.openarchives.org/OAI/2.0/OAI-PMH.xsd"><responseDate>2026-06-07T17:24:44Z</responseDate><request verb="GetRecord" identifier="oai:docta.ucm.es:20.500.14352/129379" metadataPrefix="marc">https://docta.ucm.es/rest/oai/request</request><GetRecord><record><header><identifier>oai:docta.ucm.es:20.500.14352/129379</identifier><datestamp>2025-12-20T01:14:09Z</datestamp><setSpec>com_20.500.14352_14</setSpec><setSpec>col_20.500.14352_15</setSpec></header><metadata><record xmlns="http://www.loc.gov/MARC21/slim" xmlns:dcterms="http://purl.org/dc/terms/" xmlns:xsi="http://www.w3.org/2001/XMLSchema-instance" xmlns:doc="http://www.lyncode.com/xoai" xsi:schemaLocation="http://www.loc.gov/MARC21/slim http://www.loc.gov/standards/marcxml/schema/MARC21slim.xsd">
   <leader>00925njm 22002777a 4500</leader>
   <datafield ind2=" " ind1=" " tag="042">
      <subfield code="a">dc</subfield>
   </datafield>
   <datafield ind2=" " ind1=" " tag="720">
      <subfield code="a">Del Moral Vargas, Marta</subfield>
      <subfield code="e">author</subfield>
   </datafield>
   <datafield ind2=" " ind1=" " tag="260">
      <subfield code="c">2024</subfield>
   </datafield>
   <datafield ind2=" " ind1=" " tag="520">
      <subfield code="a">Este artículo analiza la campaña de captación de asociaciones sufragistas de los países hispanohablantes por parte de la International Woman Suffrage Alliance (IWSA), entre 1918 y 1920. Se hace hincapié en el rol jugado por el matrimonio Ruffin como catalizadores externos, un tipo de recursos para la acción colectiva que aquí se conceptualiza. Su papel ha sido pasado por alto en las investigaciones sobre la IWSA, a pesar de su importancia para la articulación de redes transnacionales sufragistas. El artículo valora el resultado obtenido en 1920, con la incorporación de Argentina, Uruguay y España a la IWSA.</subfield>
   </datafield>
   <datafield ind2=" " ind1=" " tag="520">
      <subfield code="a">This article analyses the campaign by the International Woman Suffrage Alliance (IWSA) to incorporate suffragist associations from Spanish-speaking countries between 1918 and 1920. It highlights the role played by the Ruffins as external facilitators. This term describes a specific type of resource for collective action and is conceptualized within the article. Although they were essential in establishing transnational suffragist networks, the Ruffins’ role has been overlooked by the literature on the IWSA. Also assessed are the results achieved in 1920 through the incorporation of Argentina, Uruguay and Spain into the IWSA.</subfield>
   </datafield>
   <datafield ind1="8" ind2=" " tag="024">
      <subfield code="a">del Moral Vargas , M. (2024). El papel de los catalizadores externos en la estrategia transnacional de incorporación de los países hispanohablantes a la International Woman Suffrage Alliance (1918-1920). Ayer. Revista De Historia Contemporánea, 136(4), 21–46. https://doi.org/10.55509/ayer/2370</subfield>
   </datafield>
   <datafield ind1="8" ind2=" " tag="024">
      <subfield code="a">https://doi.org/10.55509/ayer/2370</subfield>
   </datafield>
   <datafield ind1="8" ind2=" " tag="024">
      <subfield code="a">https://hdl.handle.net/20.500.14352/129379</subfield>
   </datafield>
   <datafield ind1="8" ind2=" " tag="024">
      <subfield code="a">https://doi.org/10.55509/ayer/2370</subfield>
   </datafield>
   <datafield ind1="8" ind2=" " tag="024">
      <subfield code="a">https://revistasmarcialpons.es/revistaayer/issue/view/ayer-136</subfield>
   </datafield>
   <datafield ind2="0" ind1="0" tag="245">
      <subfield code="a">El papel de los catalizadores externos en la estrategia transnacional de incorporación de los países hispanohablantes a la International Woman Suffrage Alliance (1918-1920)</subfield>
   </datafield>
</record></metadata></record></GetRecord></OAI-PMH>